ALL Oklahoma Cities - Statistics

General Stats
  • This quiz has been taken 172 times
  • The average score is 168 of 590
Answer Stats
County Municipality % Correct
O Oklahoma, Canadian, Cleveland, and Pottawatomie Oklahoma City
93%
T Tulsa, Osage, Rogers, and Wagoner Tulsa
91%
N Cleveland Norman
88%
E Oklahoma Edmond
81%
S Payne Stillwater
80%
B Tulsa and Wagoner Broken Arrow
79%
M Cleveland Moore
79%
M Muskogee Muskogee
79%
L Comanche Lawton
77%
M Ottawa Miami
77%
A Pontotoc Ada
76%
B Washington and Osage Bartlesville
76%
O Okmulgee Okmulgee
74%
E Garfield Enid
73%
P Kay and Osage Ponca City
72%
J Tulsa Jenks
71%
M Oklahoma Midwest City
71%
S Pottawatomie Shawnee
71%
W Woodward Woodward
71%
Y Canadian Yukon
70%
B Tulsa and Wagoner Bixby
69%
O Tulsa and Rogers Owasso
69%
W Wagoner Wagoner
68%
C Oklahoma Choctaw
67%
T Cherokee Tahlequah
67%
A Carter Ardmore
66%
G Texas Guymon
66%
K Kingfisher Kingfisher
66%
B McCurtain Broken Bow
64%
C Pawnee Cleveland
63%
D Oklahoma Del City
63%
D Stephens Duncan
63%
S Creek and Tulsa Sapulpa
63%
S Seminole Seminole
63%
C Grady Chickasha
62%
D Bryan Durant
62%
M Pittsburg McAlester
62%
M Canadian Mustang
62%
P Pawnee Pawnee
62%
S Osage and Tulsa Sand Springs
62%
G Logan Guthrie
61%
W McClain Washington
61%
A Jackson Altus
60%
B Beaver Beaver
60%
E Canadian El Reno
60%
P Osage Pawhuska
60%
C Rogers Claremore
59%
E Beckham Elk City
59%
N Nowata Nowata
59%
B Oklahoma Bethany
58%
C Custer and Washita Clinton
58%
C Payne Cushing
58%
I McCurtain Idabel
58%
V Craig Vinita
58%
A Caddo Anadarko
57%
A Atoka Atoka
57%
N Cleveland Noble
57%
P Le Flore Poteau
57%
G Tulsa Glenpool
56%
H Muskogee Haskell
56%
H Choctaw Hugo
56%
W Custer Weatherford
56%
B McClain and Grady Blanchard
54%
C Alfalfa Cherokee
54%
C Stephens Comanche
54%
D Garvin and Murray Davis
54%
S Sequoyah Sallisaw
54%
K Pittsburg Kiowa
53%
O Okfuskee Okemah
53%
P Noble Perry
53%
A Woods Alva
52%
C Bryan Caddo
52%
D Washington Dewey
52%
G Delaware Grove
52%
N McClain Newcastle
52%
S Murray Sulphur
52%
C Lincoln Chandler
51%
E McIntosh Eufaula
51%
J Oklahoma Jones
51%
P Garvin Pauls Valley
51%
S Osage and Tulsa Skiatook
51%
T Grady Tuttle
51%
W Oklahoma Warr Acres
51%
M Marshall Madill
50%
M Love Marietta
50%
P Canadian and Kingfisher Piedmont
50%
P Lincoln Prague
50%
T Johnston Tishomingo
50%
B Creek Bristow
49%
C Beckham Carter
49%
C McIntosh Checotah
49%
F Cherokee and Muskogee Fort Gibson
49%
H Hughes Holdenville
49%
L Logan Langston
49%
O Rogers Oologah
49%
P Mayes Pryor Creek
49%
C Rogers and Wagoner Catoosa
48%
C Wagoner Coweta
48%
F Osage Fairfax
48%
H Okmulgee Henryetta
48%
M Bryan Mead
48%
S Oklahoma Spencer
48%
S Adair Stilwell
48%
Y Payne Yale
48%
A Mayes Adair
47%
B Cimarron Boise City
47%
C Tulsa and Rogers Collinsville
47%
F Tillman Frederick
47%
K Creek Kiefer
47%
T Love Thackerville
47%
W Seminole Wewoka
47%
A Pushmataha Antlers
46%
A Caddo Apache
46%
D Creek and Payne Drumright
46%
H Osage Hominy
46%
J Delaware Jay
46%
M Okmulgee Morris
46%
N Oklahoma Nichols Hills
46%
O Creek Oilton
46%
T Pottawatomie Tecumseh
46%
T Oklahoma The Village
46%
T Kay Tonkawa
46%
W Lincoln Wellston
46%
B Okmulgee Beggs
44%
C Roger Mills Cheyenne
44%
D Lincoln Davenport
44%
F Major Fairview
44%
G Garfield Garber
44%
G McCurtain Garvin
44%
G Comanche Geronimo
44%
H Oklahoma Harrah
44%
H Caddo Hinton
44%
K Creek Kellyville
44%
K Marshall Kingston
44%
M Greer Mangum
44%
M Creek Mannford
44%
M Pottawatomie McLoud
44%
M Lincoln Meeker
44%
P McClain and Cleveland Purcell
44%
S Creek and Lincoln Stroud
44%
V Sequoyah Vian
44%
W Carter Wilson
44%
B Harper Buffalo
43%
C Coal Coalgate
43%
G Payne Glencoe
43%
L Garvin Lindsay
43%
L Carter Lone Grove
43%
M Stephens Marlow
43%
M Harper May
43%
P Wagoner Porter
43%
S Cleveland Slaughterville
43%
S Haskell Stigler
43%
W Jefferson Waurika
43%
W McClain Wayne
43%
C Mayes Chouteau
42%
D Carter Dickson
42%
I Pittsburg Indianola
42%
K Pittsburg Krebs
42%
L Harper Laverne
42%
L Oklahoma Luther
42%
O Wagoner Okay
42%
P Pittsburg Pittsburg
42%
S Le Flore Spiro
42%
T Texas Texhoma
42%
W Muskogee Warner
42%
W Latimer Wilburton
42%
W Garvin Wynnewood
42%
C Bryan Calera
41%
C Pittsburg Canadian
41%
H Le Flore Heavener
41%
H Texas Hooker
41%
V Stephens Velma
41%
V Rogers Verdigris
41%
B Kay Blackwell
40%
B Choctaw Boswell
40%
C Rogers Chelsea
40%
C McClain Cole
40%
E Comanche Elgin
40%
H Pittsburg Hartshorne
40%
H Carter Healdton
40%
I Rogers Inola
40%
M Noble Morrison
40%
M Sequoyah Muldrow
40%
P Garvin Paoli
40%
P Payne Perkins
40%
S Garvin Stratford
40%
T Le Flore Talihina
40%
W Craig Welch
40%
B Bryan Bokchito
39%
C Pushmataha Clayton
39%
E Beckham Erick
39%
G Kiowa Gotebo
39%
H Kiowa Hobart
39%
K Seminole Konawa
39%
S Pittsburg Savanna
39%
T Tillman Tipton
39%
V McCurtain Valliant
39%
A Bryan Achille
38%
B Jackson Blair
38%
B Pontotoc Byng
38%
D Creek Depew
38%
F Choctaw Fort Towson
38%
G McClain Goldsby
38%
H Harmon Hollis
38%
M McCurtain Millerton
38%
O Osage Osage
38%
P Pottawatomie Pink
38%
Q Pittsburg Quinton
38%
R Jefferson Ringling
38%
S Ellis Shattuck
38%
S Choctaw Soper
38%
T Atoka Tushka
38%
U Canadian Union City
38%
W Blaine Watonga
38%
W Okfuskee Weleetka
38%
W Hughes Wetumka
38%
A Hughes and Pontotoc Allen
37%
A Custer Arapaho
37%
B Bryan Bennington
37%
C Comanche Cache
37%
C Lincoln Carney
37%
C Bryan Colbert
37%
C Logan Coyle
37%
E Garvin Elmore City
37%
F Ottawa Fairland
37%
H Pittsburg Haileyville
37%
H Kingfisher Hennessey
37%
H Cherokee Hulbert
37%
J Pawnee Jennings
37%
M Johnston Mannsville
37%
N Grady Ninnekah
37%
R Washington Ramona
37%
R Carter Ratliff City
37%
S Tulsa Sperry
37%
W Johnston Wapanucka
37%
D Mayes Disney
36%
F Caddo Fort Cobb
36%
G Carter Gene Autry
36%
H Blaine and Caddo Hydro
36%
L Garfield Lahoma
36%
R Pushmataha Rattan
36%
R Jefferson Ryan
36%
S Beckham Sayre
36%
S Carter Springer
36%
T Coal Tupelo
36%
B Pottawatomie Bethel Acres
34%
B Caddo Binger
34%
C Hughes Calvin
34%
H McCurtain Haworth
34%
J Pottawatomie Johnson
34%
M Johnston Milburn
34%
P Grady Pocasset
34%
P Le Flore Pocola
34%
R Latimer Red Oak
34%
S Creek Slick
34%
W Osage Wynona
34%
C Atoka Caney
33%
L Cleveland Lexington
33%
M Grady Minco
33%
M Creek Mounds
33%
N Grant Nash
33%
N Garfield North Enid
33%
O Canadian and Kingfisher Okarche
33%
P Le Flore Panama
33%
P Gramt Pond Creek
33%
W McCurtain Wright City
33%
A Hughes Atwood
32%
D Okmulgee Dewar
32%
D Murray Dougherty
32%
I Okfuskee IXL
32%
S Choctaw Sawyer
32%
T Muskogee Taft
32%
W Le Flore Wister
32%
B Okfuskee Bearden
31%
B Washita Burns Flat
31%
C Pittsburg Crowder
31%
D Washita Dill City
31%
L Le Flore Le Flore
31%
R Kiowa Roosevelt
31%
S Osage Shidler
31%
S Nowata South Coffeyville
31%
S Atoka Stringtown
31%
H Bryan Hendrix
30%
K Haskell Kinta
30%
R Sequoyah Roland
30%
S Kiowa Snyder
30%
T Texas Tyrone
30%
M Pottawatomie and Seminole Maud
29%
C Ottawa Commerce
28%
D Nowata Delaware
28%
K Delaware Kansas
28%
L Love Leon
28%
M Grant Medford
28%
R Pontotoc Roff
28%
S Bryan Silver City
28%
A Oklahoma Arcadia
27%
B Muskogee Boynton
27%
D Grant Deer Creek
27%
D McClain Dibble
27%
O Marshall Oakland
27%
R Johnston Ravia
27%
G Sequoyah Gore
26%
B Osage Barnsdall
24%
F Comanche Fletcher
24%
N Washita New Cordell
24%
B McClain Byars
23%
J Grant Jefferson
23%
L Okmulgee and Tulsa Liberty
23%
P Ottawa Peoria
23%
B Seminole Bowlegs
22%
M Woodward Mooreland
22%
W Woods Waynoka
22%
C Logan Crescent
21%
G Greer Granite
21%
K Haskell Keota
21%
Q Ottawa Quapaw
21%
R Pawnee Ralston
21%
C Caddo Carnegie
20%
C Kingfisher and Logan Cashion
20%
C Custer Custer City
20%
K Bryan Kemp
20%
L Mayes Locust Grove
20%
M Garvin Maysville
20%
N Kay Newkirk
20%
D Kingfisher Dover
19%
M Haskell McCurtain
19%
T Custer Thomas
19%
W Cotton Walters
19%
W Adair Westville
19%
C Washita Colony
18%
A Ottawa Afton
17%
F Woodward Fort Supply
17%
L Mayes Langley
17%
P Muskogee Porum
17%
R Noble Red Rock
17%
R Grady Rush Springs
17%
V Dewey Vici
17%
W Delaware West Siloam Springs
17%
A Ellis Arnett
16%
B Okfuskee Boley
16%
C Blaine Canton
16%
C Washita Corn
16%
G Blaine and Canadian Geary
16%
G Texas Goodwell
16%
M Comanche Medicine Park
16%
P Dewey Putnam
16%
W Muskogee Webbers Falls
16%
A Pottawatomie Asher
14%
B Caddo Bridgeport
14%
C Pittsburg Carlton Landing
14%
E Stephens Empire City
14%
G Ellis Gage
14%
H Custer and Roger Mills Hammon
14%
J Alfalfa Jet
14%
N Ottawa North Miami
14%
O Blaine Okeene
14%
S Dewey Seiling
14%
S Pontotoc Stonewall
14%
T Rogers Talala
14%
T Cotton Temple
14%
A Osage Avant
13%
B Grady Bridge Creek
13%
C Washington Copan
13%
D Garfield Douglas
13%
F Oklahoma Forest Park
13%
N Oklahoma Nicoma Park
13%
O Texas Optima
13%
S Woodward Sharon
13%
S Bryan Silo
13%
S Beckham and Roger Mills Sweetwater
13%
T Dewey Taloga
13%
T Jefferson Terral
13%
T Lincoln Tryon
13%
V Oklahoma Valley Brook
13%
W Garfield Waukomis
13%
W Ottawa Wyandotte
13%
A Bryan Armstrong
12%
B Noble Billings
12%
C Kiowa Cooperton
12%
C Garfield Covington
12%
C Caddo Cyril
12%
E Pottawatomie Earlsboro
12%
F Garfield Fairmont
12%
F Beaver Forgan
12%
F Rogers Foyil
12%
F Woods Freedom
12%
H Alfalfa Helena
12%
K Kay Kaw City
12%
K Bryan Kenefic
12%
K Cimarron Keyes
12%
L Alfalfa Lambert
12%
L Grant Lamont
12%
L Dewey Leedey
12%
M Logan Marshall
12%
O Washington Ochelata
12%
O Logan Orlando
12%
P Osage Prue
12%
S Mayes Salina
12%
T Beckham Texola
12%
W Grant Wakita
12%
A Lincoln Agra
11%
A Le Flore Arkoma
11%
B Custer Butler
11%
C Dewey Camargo
11%
C Caddo Cement
11%
C Major Cleo Springs
11%
C Seminole Cromwell
11%
F Ellis Fargo
11%
H Pawnee Hallett
11%
H McIntosh Hanna
11%
H Texas Hardesty
11%
H Le Flore Howe
11%
I Comanche Indiahoma
11%
K Garfield Kremlin
11%
L Stephens Loco
11%
L Kiowa Lone Wolf
11%
L Blaine Longdale
11%
R Major Ringwood
11%
S Seminole Sasakwa
11%
S Comanche Sterling
11%
W Pottawatomie Wanette
11%
W Adair Watts
11%
W Greer Willow
11%
A Grady Alex
10%
B Washita Bessie
10%
B Stephens Bray
10%
B Garfield Breckenridge
10%
B Coal and Johnston Bromide
10%
B Osage Burbank
10%
C Canadian Calumet
10%
C Washita Canute
10%
C Garfield Carrier
10%
C Stephens Central High
10%
D Woods Dacoma
10%
D Garfield Drummond
10%
G Beaver Gate
10%
G Tillman Grandfield
10%
H Garfield Hillsdale
10%
H Blaine Hitchcock
10%
K Garvin Katie
10%
K Beaver Knowles
10%
L Seminole Lima
10%
L Kingfisher Loyal
10%
M Pottawatomie Macomb
10%
M Grant Manchester
10%
M Major Meno
10%
M Logan Meridian
10%
M Johnston Mill Creek
10%
O Muskogee Oktaha
10%
P Mayes Pensacola
10%
R Roger Mills Reydon
10%
R Harper Rosston
10%
S Lincoln Sparks
10%
S Mayes Spavinaw
10%
S Pottawatomie St. Louis
10%
S Hughes Stuart
10%
W Lincoln Warwick
10%
A Pushmataha Albion
9%
A Major Ames
9%
B Craig Big Cabin
9%
B Grady Bradley
9%
B Kay Braman
9%
B Alfalfa Burlington
9%
C Alfalfa Carmen
9%
C Logan Cedar Valley
9%
C Coal Centrahoma
9%
C Comanche Chattanooga
9%
C Logan Cimarron City
9%
D Hughes Dustin
9%
E Caddo Eakly
9%
E Cleveland Etowah
9%
F Osage Foraker
9%
F Washita Foss
9%
F Garvin Foster
9%
G Blaine Greenfield
9%
H Jefferson Hastings
9%
H Murray Hickory
9%
H Tillman Hollister
9%
H Hughes Horntown
9%
K Lincoln Kendrick
9%
K Craig Ketchum
9%
L Oklahoma Lake Aluma
9%
L Tillman Loveland
9%
M Noble Marland
9%
M Kiowa Mountain View
9%
M Logan Mulhall
9%
M Woodward Mutual
9%
N Grady Norge
9%
O Dewey Oakwood
9%
O Jackson Olustee
9%
R Cotton Randlett
9%
R Payne Ripley
9%
R Washita Rocky
9%
R McClain Rosedale
9%
S Washita Sentinel
9%
S Pawnee Skedee
9%
T Carter Tatums
9%
T Pottawatomie Tribbey
9%
T Wagoner Tullahassee
9%
W Oklahoma Woodlawn Park
9%
A Alfalfa Aline
8%
A Grady Amber
8%
C Jefferson Cornish
8%
D Tillman Davidson
8%
D Cotton Devol
8%
E Jackson Eldorado
8%
E Jackson Elmer
8%
F Lincoln Fallis
8%
F Latimer and Le Flore Fanshawe
8%
F Comanche Faxon
8%
F Pontotoc Fitzhugh
8%
F Le Flore Fort Coffee
8%
F Pontotoc Francis
8%
F Jackson Friendship
8%
G Sequoyah Gans
8%
G Alfalfa Goltry
8%
G Harmon Gould
8%
G Caddo Gracemont
8%
H Garfield Hunter
8%
L Coal Lehigh
8%
L Caddo Lookeba
8%
M Tillman Manitou
8%
M Jackson Martha
8%
M Kiowa Mountain Park
8%
P Coal Phillips
8%
R Grant Renfrow
8%
S Oklahoma Smith Village
8%
S Roger Mills Strong City
8%
S Jefferson Sugden
8%
V Grady Verden
8%
A Jefferson Addington
7%
B Pawnee Blackburn
7%
B Pottawatomie Brooksville
7%
C Delaware Colcord
7%
E Jackson East Duke
7%
R Wagoner Redbird
7%
R McIntosh Rentiesville
7%
S Le Flore Shady Point
7%
W Pawnee Westport
7%
B Craig Bluejacket
6%
B Le Flore Bokoshe
6%
B Alfalfa Byron
6%
H Jackson Headrick
6%
H Mayes Hoot Owl
6%
L Tulsa Lotsee
6%
O Cherokee and Delaware Oaks
6%
W Okmulgee Winchester
6%
A Pittsburg Ashland
4%
B Muskogee Braggs
4%
C Le Flore Cameron
4%
F Wagoner and Rogers Fair Oaks
4%
G Mayes Grand Lake Towne
4%
L Nowata Lenapah
4%
M Pawnee Maramec
4%
S Hughes Spaulding
4%
S Mayes Strang
4%
V Rogers Valley Park
4%
V Washington Vera
4%
W Nowata Wann
4%
W Osage Webb City
4%
A Alfalfa Amorita
3%
B Delaware Bernice
3%
C Okfuskee Castle
3%
C Okfuskee Clearview
3%
C Muskogee Council Hill
3%
G Hughes Gerty
3%
G Osage Grainola
3%
L Hughes Lamar
3%
L Creek Lawrence Creek
3%
N Nowata New Alluwe
3%
P Okfuskee Paden
3%
R Le Flore Rock Island
3%
S Okmulgee Schulter
3%
S Mayes Sportsmen Acres
3%
S McIntosh Stidham
3%
S Muskogee Summit
3%
T Pawnee Terlton
3%
W Muskogee Wainwright
3%
Y Hughes Yeager
3%
A Pittsburg Alderson
2%
C Le Flore Cowlington
2%
G Okmulgee Grayson
2%
H McIntosh Hitchita
2%
H Okfuskee Hoffman
2%
K Kay Kildare
2%
M Sequoyah Marble City
2%
M Sequoyah Moffett
2%
P Sequoyah Paradise Hill
2%
T Haskell Tamaha
2%
W Haskell Whitefield
2%
No matching quizzes found
Score Distribution
Percent of People with Each Score
Percentile by Number Answered
Your Score History
You have not taken this quiz